000 00579nam a22001457a 4500
020 _a978-1-8460-5481-5
082 _a823
_bPAT/N
100 _aPATTERSON, JAMES
245 _a9TH JUDGEMENT
260 _aLONDON
_bCENTURY
_c2010
300 _a359
520 _aThe Women's Murder Club takes on two deranged killers, but Detective Lindsay Boxer begins to wonder if the mysterious case is also breaking apart her closest friendships. During an intimate dinner party, a cat burglar breaks into the home of A-list actor Marcus Dowling.
650 _aNOVEL
_zUNITED KINGDOM
942 _cBK
999 _c2432
_d2432